Kitâb al-adwiya al-mufrada =. (Record no. 41036)
[ view plain ]
| 000 -CABECERA | |
|---|---|
| campo de control de longitud fija | 00682nam a2200205 a 4500 |
| 001 - NÚMERO DE CONTROL | |
| campo de control | 000041546 |
| 005 - FECHA Y HORA DE LA ÚLTIMA TRANSACCIÓN | |
| campo de control | 20201002035631.0 |
| 008 - DATOS DE LONGITUD FIJA--INFORMACIÓN GENERAL | |
| campo de control de longitud fija | 131009s1995 sp 000 0 spa d |
| 020 ## - NÚMERO INTERNACIONAL ESTÁNDAR DEL LIBRO | |
| Número Internacional Estándar del Libro | 8400075366 |
| 040 ## - FUENTE DE LA CATALOGACIÓN | |
| Centro catalogador/agencia de origen | DO-SdBNP |
| Lengua de catalogación | spa |
| Centro/agencia transcriptor | BNPHU |
| 100 1# - ENTRADA PRINCIPAL--NOMBRE DE PERSONA | |
| Nombre de persona | Ibn Wafid, |
| 9 (RLIN) | 68283 |
| 245 10 - MENCIÓN DE TÍTULO | |
| Título | Kitâb al-adwiya al-mufrada =. |
| 246 13 - FORMA VARIANTE DE TÍTULO | |
| Título propio/Titulo breve | Libro de los medicamentos simples |
| 260 ## - PUBLICACIÓN, DISTRIBUCIÓN, ETC. | |
| Lugar de publicación, distribución, etc. | Madrid : |
| Nombre del editor, distribuidor, etc. | Consejo Superior de Investigaciones Científicas, |
| Fecha de publicación, distribución, etc. | 1995. |
| 300 ## - DESCRIPCIÓN FÍSICA | |
| Extensión | v. ; |
| Dimensiones | 24 cm. |
| 490 1# - MENCIÓN DE SERIE | |
| Mención de serie | Fuentes arábico-hispanas |
| Designación de volumen o secuencia | 11 |
| 500 ## - NOTA GENERAL | |
| Nota general | La biblioteca posee el v. 1 |
| 710 2# - PUNTO DE ACCESO ADICIONAL--NOMBRE DE ENTIDAD CORPORATIVA | |
| Nombre de entidad corporativa o nombre de jurisdicción como elemento de entrada | Consejo Superior de Investigaciones Científicas |
| 9 (RLIN) | 4786 |
| 830 #0 - PUNTO DE ACCESO ADICIONAL DE SERIE-TÍTULO UNIFORME | |
| Título uniforme | Fuentes arábico-hispanas ; |
| Designación de volumen o secuencia | 11 |
| 9 (RLIN) | 65581 |
| Estado de retiro | Estado de pérdida | Restricciones de uso | No para préstamo | Código de colección | Localización permanente | Ubicación/localización actual | Ubicación en estantería | Fecha de adquisición | Número de inventario | Total de préstamos | Signatura topográfica completa | Código de barras | Fecha visto por última vez | Precio válido a partir de | Tipo de ítem Koha |
|---|---|---|---|---|---|---|---|---|---|---|---|---|---|---|---|
| Excluido de préstamo | Monografías: Libros y Folletos | General | General | En catalogación | 09.10.2013 | LF1 | v. 1 | 41546-10 | 25.06.2020 | 25.06.2020 | No se presta | ||||
| Excluido de préstamo | Monografías: Libros y Folletos | General | General | En catalogación | 09.10.2013 | LF1 | v. 1, e. 2 | 41546-20 | 25.06.2020 | 25.06.2020 | No se presta |
